[Event "TCh-CHN DivA Regular"]
[Site "Fuling CHN"]
[Date "2023.06.06"]
[Round "2.3"]
[Board "5"]
[White "Shen, Yang"]
[Black "Ni, Shiqun"]
[Result "1/2-1/2"]
[WhiteTitle "IM"]
[BlackTitle "WGM"]
[WhiteElo "2399"]
[BlackElo "2323"]
[WhiteTeam "Jiangsu"]
[BlackTeam "Shanghai"]
[WhiteFideId "8603162"]
[BlackFideId "8608466"]
[EventDate "2023.06.05"]
[EventType "team"]

1. d4 Nf6 2. Nf3 g6 3. Bf4 Bg7 4. e3 d6 5. h3 c5 6. c3 Qb6 7. Qb3 Be6 8. Qb5+
Nc6 9. Nbd2 O-O 10. dxc5 Qxc5 11. Qxc5 dxc5 12. Ng5 Bd7 13. O-O-O b6 14. Ba6 Na5
15. Be5 h6 16. Ngf3 Bc8 17. Bxc8 Raxc8 18. g4 Rfd8 19. Kc2 Kf8 20. Rhg1 Nd5 21.
h4 Bxe5 22. Nxe5 c4 23. h5 g5 24. Ndf3 e6 25. Rd4 f6 26. Ng6+ Kf7 27. Rgd1 Nc6
28. R4d2 b5 29. Nd4 Nxd4+ 30. Rxd4 Ke8 31. e4 Nf4 32. Rd6 Rxd6 33. Rxd6 Rd8 34.
Ra6 Nd3 35. Rxe6+ Kf7 36. Re7+ Kg8 37. Rxa7 Ne1+ 38. Kc1 Nd3+ 39. Kb1 Nxf2 40.
a4 bxa4 41. Ne7+ Kf8 42. e5 Nxg4 43. Ng6+ Kg8 44. e6 Re8 45. Ne7+ Kf8 46. Ng6+
Kg8 47. Ne7+ Kf8 48. Ng6+ 1/2-1/2

[Event "TCh-CHN DivA Regular"]
[Site "Fuling CHN"]
[Date "2023.06.06"]
[Round "2.4"]
[Board "1"]
[White "Li, Chao b"]
[Black "Wang, Yue"]
[Result "1/2-1/2"]
[WhiteTitle "GM"]
[BlackTitle "GM"]
[WhiteElo "2658"]
[BlackElo "2674"]
[WhiteTeam "Beijing"]
[BlackTeam "Tianjin"]
[WhiteFideId "8604436"]
[BlackFideId "8601429"]
[EventDate "2023.06.05"]
[EventType "team"]

1. e4 e5 2. Nf3 Nc6 3. Bb5 Nf6 4. O-O Nxe4 5. d4 Nd6 6. dxe5 Nxb5 7. a4 Nbd4 8.
Nxd4 Nxd4 9. Qxd4 d5 10. exd6 Qxd6 11. Qe4+ Qe6 12. Qd4 Qd6 13. Qe3+ Be6 14. Nc3
a6 15. Rd1 Qc6 16. Rd3 Be7 17. Ne2 Bf6 18. Nd4 Bxd4 19. Qxd4 f6 20. Bf4 O-O 21.
Rc3 Qb6 22. Qxb6 cxb6 23. Re1 Bd5 24. Re7 Rfe8 25. Rcc7 Rxe7 26. Rxe7 Rc8 27.
Bc7 Kf8 28. Bd6 Kg8 29. Bc7 Kf8 30. Bd6 Kg8 31. Bc7 1/2-1/2

[Event "TCh-CHN DivA Regular"]
[Site "Fuling CHN"]
[Date "2023.06.06"]
[Round "2.4"]
[Board "2"]
[White "Dai, Changren"]
[Black "Zhang, Di"]
[Result "1-0"]
[WhiteTitle "GM"]
[WhiteElo "2515"]
[BlackElo "2273"]
[WhiteTeam "Tianjin"]
[BlackTeam "Beijing"]
[WhiteFideId "8608156"]
[BlackFideId "8616590"]
[EventDate "2023.06.05"]
[EventType "team"]

1. d4 d6 2. Nf3 Nf6 3. c4 Nbd7 4. Nc3 e5 5. e4 Be7 6. Be2 O-O 7. O-O c6 8. Qc2
a6 9. Rd1 Qc7 10. h3 b5 11. a3 Bb7 12. Be3 Rac8 13. Rac1 h6 14. Nh4 Rfe8 15. Nf5
Bf8 16. cxb5 cxb5 17. d5 Nc5 18. Ng3 Qd7 19. b3 g6 20. Qb1 Qd8 21. Nf1 Ncd7 22.
Nd2 Nb6 23. b4 Nfd7 24. Nb3 h5 25. Na5 Ba8 26. a4 Nc4 27. Nxc4 bxc4 28. a5 Be7
29. Na4 Bg5 30. Bxg5 Qxg5 31. Bxc4 Bb7 32. b5 Nc5 33. Nxc5 Rxc5 34. bxa6 Bc8 35.
Bf1 Rxa5 36. Qb4 Ra2 37. Ra1 1-0

[Event "TCh-CHN DivA Regular"]
[Site "Fuling CHN"]
[Date "2023.06.06"]
[Round "2.4"]
[Board "3"]
[White "Peng, Hongchi"]
[Black "Chu, Wei Chao"]
[Result "0-1"]
[BlackTitle "IM"]
[WhiteElo "2426"]
[BlackElo "2411"]
[WhiteTeam "Beijing"]
[BlackTeam "Tianjin"]
[WhiteFideId "8609047"]
[BlackFideId "8605661"]
[EventDate "2023.06.05"]
[EventType "team"]

1. d4 Nf6 2. c4 g6 3. Nc3 d5 4. Nf3 Bg7 5. Qb3 dxc4 6. Qxc4 O-O 7. e4 Na6 8. Be2
c5 9. d5 e6 10. O-O exd5 11. exd5 Bf5 12. Bf4 Re8 13. Rfd1 Ne4 14. Bd3 Nd6 15.
Bxd6 Bxd3 16. Qf4 Bf5 17. h3 Nb4 18. Ne1 Rc8 19. g4 Bd7 20. Rd2 Qh4 21. Qh2 Qd8
22. a3 Na6 23. Nf3 c4 24. Be5 Nc5 25. Bxg7 Kxg7 26. Rad1 Qf6 27. Qg3 Nd3 28. h4
Qf4 29. Qxf4 Nxf4 30. Rd4 Nd3 31. Rd2 b5 32. g5 Nc5 33. Rf4 Nd3 34. Rd4 Nc5 35.
Rf4 Nd3 36. Re4 a5 37. Rde2 b4 38. axb4 axb4 39. Nd1 Rxe4 40. Rxe4 c3 41. bxc3
bxc3 42. Nxc3 Rxc3 43. Re7 Bg4 44. Nd4 Nc5 45. Nb5 Rc1+ 46. Kg2 Kf8 47. Rc7 Nd3
48. Ra7 Ne5 49. Kg3 Rc5 50. Nc7 Bd7 51. Kf4 Nc4 52. Ke4 Nd6+ 53. Ke5 Ke7 54. Na8
Rc4 55. f3 Rxh4 56. f4 Rh1 57. Nc7 Rc1 58. Ra6 Rxc7 59. Rxd6 Rc1 60. Ra6 Re1+
61. Kd4 h5 62. gxh6 Rh1 63. Ra7 Rxh6 64. Ra1 Rh2 65. Ke4 Bf5+ 66. Kd4 Re2 67.
Ra7+ Kf6 68. Ra6+ Kg7 69. d6 Re4+ 70. Kd5 Rxf4 71. Ra7 Rf1 72. Ke5 Re1+ 73. Kf4
Kf6 74. d7 Re4+ 75. Kf3 Rd4 0-1

[Event "TCh-CHN DivA Regular"]
[Site "Fuling CHN"]
[Date "2023.06.06"]
[Round "2.4"]
[Board "4"]
[White "Xiao, Yiyi"]
[Black "Wang, Yu A."]
[Result "1-0"]
[WhiteTitle "WGM"]
[BlackTitle "IM"]
[WhiteElo "2331"]
[BlackElo "2255"]
[WhiteTeam "Tianjin"]
[BlackTeam "Beijing"]
[WhiteFideId "8606161"]
[BlackFideId "8601097"]
[EventDate "2023.06.05"]
[EventType "team"]

1. d4 c5 2. d5 e5 3. e4 d6 4. h3 Be7 5. Nf3 f5 6. Bb5+ Bd7 7. Bxd7+ Qxd7 8. exf5
Qxf5 9. O-O Na6 10. c4 O-O-O 11. Nc3 g5 12. Be3 h5 13. Qb1 Rf8 14. Qxf5+ Rxf5
15. Ne4 Nf6 16. Nfxg5 Rg8 17. a3 h4 18. g4 Nxe4 19. Nxe4 Kd7 20. f4 exf4 21.
Bxf4 Rff8 22. Bh6 Rxf1+ 23. Rxf1 b5 24. Nf6+ Bxf6 25. Rxf6 bxc4 26. Bf4 Nc7 27.
Rf7+ Kc8 28. Bxd6 Nxd5 29. Bxc5 a6 30. Kf2 Rg6 31. Kf3 Re6 32. g5 Kd8 33. Rf5
Nc7 34. Rf4 Re5 35. Bb6 Rb5 36. Bxc7+ Kxc7 37. g6 Rb3+ 38. Kg4 Rg3+ 39. Kh5 1-0

[Event "TCh-CHN DivA Regular"]
[Site "Fuling CHN"]
[Date "2023.06.06"]
[Round "2.4"]
[Board "5"]
[White "Li, Yunshan"]
[Black "Zhang, Xiaowen"]
[Result "0-1"]
[WhiteTitle "WIM"]
[BlackTitle "WGM"]
[WhiteElo "2283"]
[BlackElo "2266"]
[WhiteTeam "Beijing"]
[BlackTeam "Tianjin"]
[WhiteFideId "8607664"]
[BlackFideId "8603219"]
[EventDate "2023.06.05"]
[EventType "team"]

1. d4 Nf6 2. c4 g6 3. Nc3 Bg7 4. e4 d6 5. Nf3 O-O 6. Be2 e5 7. Be3 Ng4 8. Bg5 f6
9. Bh4 Nc6 10. d5 Ne7 11. Nd2 f5 12. Bxg4 fxg4 13. O-O h6 14. f3 g5 15. Bg3 gxf3
16. Rxf3 Ng6 17. Rxf8+ Qxf8 18. Bf2 Nf4 19. Be3 Qf7 20. b4 a5 21. bxa5 Rxa5 22.
c5 dxc5 23. Nc4 Ra8 24. Bxc5 b6 25. Be3 Ba6 26. Qb3 Rf8 27. Nd2 Kh7 28. d6 Qd7
29. dxc7 Qg4 30. Bxf4 Qxf4 31. Nf3 g4 32. Qxb6 gxf3 33. Qxa6 Qe3+ 34. Kh1 fxg2+
35. Kxg2 Rf2+ 36. Kg1 Rc2+ 0-1

[Event "TCh-CHN DivA Regular"]
[Site "Fuling CHN"]
[Date "2023.06.06"]
[Round "2.5"]
[Board "1"]
[White "Wen, Yang"]
[Black "Liu, Yan"]
[Result "1/2-1/2"]
[WhiteTitle "GM"]
[BlackTitle "GM"]
[WhiteElo "2581"]
[BlackElo "2545"]
[WhiteTeam "Hangzhou Bank"]
[BlackTeam "Chongqing Sports Lottery"]
[WhiteFideId "8602956"]
[BlackFideId "8608962"]
[EventDate "2023.06.05"]
[EventType "team"]

1. e4 e5 2. Nf3 Nf6 3. Nxe5 d6 4. Nf3 Nxe4 5. d4 d5 6. Bd3 Bf5 7. O-O Be7 8. Re1
O-O 9. Nbd2 Nd6 10. Nf1 c6 11. Bf4 Bxd3 12. Qxd3 Na6 13. h4 Nc7 14. Ng5 Bxg5 15.
Bxg5 f6 16. Bf4 Qd7 17. Ng3 Rfe8 18. Bxd6 Qxd6 19. Nf5 Qd7 20. Qh3 Kf8 21. Qa3+
Kg8 22. Qh3 Kf8 23. Qa3+ Kg8 24. Qh3 1/2-1/2

[Event "TCh-CHN DivA Regular"]
[Site "Fuling CHN"]
[Date "2023.06.06"]
[Round "2.5"]
[Board "2"]
[White "Bu, Xiangzhi"]
[Black "Bai, Jinshi"]
[Result "1/2-1/2"]
[WhiteTitle "GM"]
[BlackTitle "GM"]
[WhiteElo "2694"]
[BlackElo "2550"]
[WhiteTeam "Chongqing Sports Lottery"]
[BlackTeam "Hangzhou Bank"]
[WhiteFideId "8601445"]
[BlackFideId "8602280"]
[EventDate "2023.06.05"]
[EventType "team"]

1. d4 Nf6 2. c4 g6 3. h4 Bg7 4. Nc3 d6 5. e4 Nc6 6. d5 Ne5 7. Be2 h5 8. Nf3
Nxf3+ 9. Bxf3 O-O 10. Bg5 c6 11. Qd2 Bg4 12. Bxf6 Bxf6 13. Bxg4 hxg4 14. h5 Kg7
15. hxg6 Rh8 16. O-O-O fxg6 17. Ne2 Qb6 18. Nf4 Qa6 19. Qc2 Bg5 20. Qc3+ Bf6 21.
Ne6+ Kf7 22. Qb3 cxd5 23. exd5 Rac8 24. c5 Rxh1 25. Rxh1 dxc5 26. d6 c4 27. d7
cxb3+ 28. dxc8=Q Bxb2+ 29. Kd2 Qa5+ 30. Ke2 Qb5+ 31. Ke3 Qe5+ 32. Kd3 Qd5+ 33.
Ke3 Qe5+ 34. Kd3 Qb5+ 35. Ke3 Qe5+ 1/2-1/2

[Event "TCh-CHN DivA Regular"]
[Site "Fuling CHN"]
[Date "2023.06.06"]
[Round "2.5"]
[Board "3"]
[White "Ma, Qun"]
[Black "Zeng, Chongsheng"]
[Result "1/2-1/2"]
[WhiteTitle "GM"]
[BlackTitle "GM"]
[WhiteElo "2648"]
[BlackElo "2581"]
[WhiteTeam "Hangzhou Bank"]
[BlackTeam "Chongqing Sports Lottery"]
[WhiteFideId "8603154"]
[BlackFideId "8603847"]
[EventDate "2023.06.05"]
[EventType "team"]

1. e4 c5 2. Nf3 d6 3. d4 cxd4 4. Nxd4 Nf6 5. Nc3 a6 6. Be3 e5 7. Nb3 Be6 8. h3
Be7 9. Qf3 b5 10. g4 h6 11. O-O-O b4 12. Nd5 Nxd5 13. exd5 Bc8 14. Nd2 Nd7 15.
h4 Nf6 16. Rg1 h5 17. gxh5 Nxh5 18. Nc4 Rb8 19. Bd3 Bxh4 20. Rde1 Kf8 21. Rh1 g5
22. Nxe5 dxe5 23. Rxh4 gxh4 24. Bc5+ Kg8 25. Rg1+ Ng7 26. Rxg7+ Kxg7 27. Qg2+
Kf6 28. Qf3+ Kg7 29. Qg2+ Kf6 30. Qf3+ Kg7 31. Qg2+ 1/2-1/2

[Event "TCh-CHN DivA Regular"]
[Site "Fuling CHN"]
[Date "2023.06.06"]
[Round "2.5"]
[Board "4"]
[White "Wang, Chuqiao"]
[Black "Zhai, Mo"]
[Result "1/2-1/2"]
[BlackTitle "WGM"]
[WhiteElo "2061"]
[BlackElo "2347"]
[WhiteTeam "Chongqing Sports Lottery"]
[BlackTeam "Hangzhou Bank"]
[WhiteFideId "8631638"]
[BlackFideId "8600201"]
[EventDate "2023.06.05"]
[EventType "team"]

1. d4 Nf6 2. c4 e6 3. Nf3 Bb4+ 4. Nbd2 b6 5. a3 Bxd2+ 6. Bxd2 Bb7 7. g3 d6 8.
Bg2 Nbd7 9. O-O O-O 10. Re1 h6 11. Qc2 Be4 12. Qc3 c5 13. b4 cxd4 14. Qxd4 Qc7
15. Red1 Rac8 16. Rac1 Rfd8 17. Qb2 Bxf3 18. Bxf3 Ne5 19. Bc3 Nfd7 20. Qa1 f6
21. Bxe5 Nxe5 22. Rd4 d5 23. c5 Nxf3+ 24. exf3 bxc5 25. Rxc5 Qb6 26. Qc3 Rxc5
27. Qxc5 Qxc5 28. bxc5 Rc8 29. Ra4 Rxc5 30. Rxa7 Rc1+ 31. Kg2 e5 32. Rd7 Rc5 33.
Kf1 d4 34. f4 Kf8 35. fxe5 fxe5 36. f4 Rc1+ 37. Kf2 Rc2+ 38. Kg1 exf4 39. Rxd4
fxg3 40. hxg3 Rc3 41. Kg2 Rxa3 42. Rd7 Re3 43. Ra7 Re7 44. Ra6 Kf7 45. Kf3 Re6
46. Ra4 Kf6 47. Rf4+ Ke7 48. Ra4 Rb6 49. Re4+ Kf7 50. Ra4 g6 51. Re4 Rb5 52.
Rf4+ Kg7 53. Kg2 h5 54. Kh3 Kh6 55. Ra4 Kg5 56. Rc4 Re5 57. Ra4 Re3 58. Ra5+ Kf6
59. Ra6+ Kg7 60. Ra7+ Kh6 61. Ra5 g5 62. Ra6+ Kg7 63. Kg2 g4 64. Rb6 Rf3 65. Ra6
Rf6 66. Ra7+ Kg6 67. Ra5 Rf5 68. Ra6+ Kg5 69. Ra8 Re5 70. Rf8 Re2+ 71. Kf1 Ra2
72. Kg1 Ra5 73. Kg2 Rf5 74. Ra8 Kf6 75. Ra6+ Ke5 76. Ra5+ Ke4 77. Ra4+ Kd3 78.
Ra3+ Kc4 79. Ra4+ Kb3 80. Ra8 Rd5 81. Rb8+ Kc3 82. Rc8+ Kd2 83. Re8 Kd1 84. Rh8
Re5 85. Rh7 Kd2 86. Rd7+ Ke3 87. Rh7 Kd3 88. Rd7+ Ke4 89. Rf7 Rd5 90. Re7+ Kf5
91. Rf7+ Kg6 92. Rf8 Rd2+ 93. Kg1 Kg5 94. Rh8 Kg6 95. Rf8 Ra2 96. Kh1 Kg5 97.
Kg1 h4 98. Rg8+ Kf5 99. Rf8+ Kg5 100. Rg8+ Kf5 101. Rf8+ Kg5 102. Rg8+ 1/2-1/2

[Event "TCh-CHN DivA Regular"]
[Site "Fuling CHN"]
[Date "2023.06.06"]
[Round "2.5"]
[Board "5"]
[White "Yan, Tianqi"]
[Black "Huang, Qian"]
[Result "1/2-1/2"]
[WhiteTitle "WIM"]
[BlackTitle "WGM"]
[WhiteElo "2246"]
[BlackElo "2431"]
[WhiteTeam "Hangzhou Bank"]
[BlackTeam "Chongqing Sports Lottery"]
[WhiteFideId "8615250"]
[BlackFideId "8602689"]
[EventDate "2023.06.05"]
[EventType "team"]

1. e4 c5 2. Nf3 a6 3. c4 Nc6 4. d4 cxd4 5. Nxd4 e5 6. Nc2 Bc5 7. Bd3 d6 8. O-O
Nf6 9. Nc3 Be6 10. Be3 Bxe3 11. Nxe3 O-O 12. Rc1 Rc8 13. b3 Nd4 14. Ne2 Nc6 15.
Qd2 Bg4 16. Nc3 Nd4 17. Nc2 Nxc2 18. Rxc2 Qb6 19. Be2 Be6 20. Qd3 Rfd8 21. h3
Qc5 22. Rfc1 Qa5 23. Qe3 h6 24. Bf1 Kf8 25. Be2 Kg8 26. Bf1 Kf8 27. Be2 Kg8 28.
Bf1 1/2-1/2

[Event "TCh-CHN DivA Regular"]
[Site "Fuling CHN"]
[Date "2023.06.06"]
[Round "2.6"]
[Board "1"]
[White "Zhao, Jun"]
[Black "Xu, Xiangyu"]
[Result "0-1"]
[WhiteTitle "GM"]
[BlackTitle "GM"]
[WhiteElo "2584"]
[BlackElo "2603"]
[WhiteTeam "Shandong"]
[BlackTeam "Chengdu"]
[WhiteFideId "8602522"]
[BlackFideId "8608288"]
[EventDate "2023.06.05"]
[EventType "team"]

1. e4 c5 2. Nf3 Nc6 3. Bb5 d6 4. O-O Bd7 5. Re1 Nf6 6. h3 a6 7. Bf1 Rg8 8. d3 h6
9. e5 dxe5 10. Nbd2 b5 11. Nxe5 Nxe5 12. Rxe5 e6 13. Nb3 Bd6 14. Rxc5 Bxc5 15.
Nxc5 Bc6 16. a4 g5 17. Qe1 Qd6 18. Qc3 Ke7 19. b4 g4 20. Bb2 Nh5 21. hxg4 Rxg4
22. Ne4 Bxe4 23. dxe4 Rh4 24. e5 Qd5 25. Qc7+ Kf8 26. axb5 Kg7 27. c4 Qd2 28.
Bc1 Ng3 0-1

[Event "TCh-CHN DivA Regular"]
[Site "Fuling CHN"]
[Date "2023.06.06"]
[Round "2.6"]
[Board "2"]
[White "Li, Di"]
[Black "Liu, Qingnan"]
[Result "0-1"]
[WhiteTitle "GM"]
[BlackTitle "GM"]
[WhiteElo "2575"]
[BlackElo "2532"]
[WhiteTeam "Chengdu"]
[BlackTeam "Shandong"]
[WhiteFideId "8607508"]
[BlackFideId "8603294"]
[EventDate "2023.06.05"]
[EventType "team"]

1. d4 Nf6 2. c4 e6 3. Nf3 d5 4. cxd5 exd5 5. Nc3 Bb4 6. Bg5 h6 7. Bh4 c5 8. e3
O-O 9. Be2 g5 10. Bg3 Ne4 11. dxc5 Nxc3 12. bxc3 Bxc3+ 13. Kf1 Bxa1 14. Qxa1 Nc6
15. Bd6 Re8 16. g4 Bxg4 17. h4 Qd7 18. hxg5 h5 19. Ng1 d4 20. f3 Qf5 21. exd4
Re4 22. g6 Nxd4 23. Bc4 Bxf3 24. Bxf7+ Kg7 25. Rh2 Be2+ 26. Kg2 Rg4+ 27. Bg3
Bf1+ 0-1

[Event "TCh-CHN DivA Regular"]
[Site "Fuling CHN"]
[Date "2023.06.06"]
[Round "2.6"]
[Board "3"]
[White "Huang, Renjie"]
[Black "Zhao, Yuanhe"]
[Result "1-0"]
[BlackTitle "IM"]
[WhiteElo "2406"]
[BlackElo "2461"]
[WhiteTeam "Shandong"]
[BlackTeam "Chengdu"]
[WhiteFideId "8610134"]
[BlackFideId "8609497"]
[EventDate "2023.06.05"]
[EventType "team"]

1. e4 e6 2. d4 d5 3. Nc3 dxe4 4. Nxe4 Nd7 5. Nf3 Ngf6 6. Bd3 Nxe4 7. Bxe4 Nf6 8.
Bd3 c5 9. O-O cxd4 10. Nxd4 Be7 11. Re1 O-O 12. c3 Nd5 13. Bc2 Bf6 14. Qd3 g6
15. Bh6 Re8 16. Rad1 Bd7 17. Bb3 Qb6 18. Qf3 Rad8 19. h3 Bc8 20. Nxe6 fxe6 21.
c4 Nf4 22. Qxf4 Bxb2 23. Ba4 Rxd1 24. Rxd1 Rd8 25. Rb1 Qd4 26. Qc7 Ba3 27. g3
Qf6 28. Rd1 1-0

[Event "TCh-CHN DivA Regular"]
[Site "Fuling CHN"]
[Date "2023.06.06"]
[Round "2.6"]
[Board "4"]
[White "Chu, Ruotong"]
[Black "Zhang, Xiao"]
[Result "1/2-1/2"]
[WhiteTitle "WIM"]
[WhiteElo "2166"]
[BlackElo "2147"]
[WhiteTeam "Chengdu"]
[BlackTeam "Shandong"]
[WhiteFideId "8605653"]
[BlackFideId "8610894"]
[EventDate "2023.06.05"]
[EventType "team"]

1. d4 Nf6 2. c4 e6 3. g3 d5 4. Bg2 dxc4 5. Nf3 Bb4+ 6. Bd2 a5 7. Qc2 Bxd2+ 8.
Qxd2 c6 9. a4 b5 10. axb5 cxb5 11. Qg5 O-O 12. Qxb5 Ba6 13. Qa4 Qb6 14. O-O Qxb2
15. Nbd2 Bb5 16. Nxc4 Bxa4 17. Nxb2 Bb5 18. Ne5 Ra7 19. Nbc4 Nbd7 20. Nxa5 Nxe5
21. dxe5 Nd7 22. f4 Bxe2 23. Rfe1 Bd3 24. Red1 Nc5 25. Nc6 Ra5 26. Ra4 Rxa4 27.
Rb1 Ra1 28. Rxa1 Be4 29. Bxe4 Nxe4 30. Ne7+ Kh8 31. Kg2 Rd8 32. Kf3 Nd2+ 33. Ke3
Nc4+ 34. Kf3 Nd2+ 35. Ke3 Nc4+ 36. Kf3 Nd2+ 37. Ke3 1/2-1/2

[Event "TCh-CHN DivA Regular"]
[Site "Fuling CHN"]
[Date "2023.06.06"]
[Round "2.6"]
[Board "5"]
[White "Du, Yuxin"]
[Black "Ren, Xiaoyi"]
[Result "0-1"]
[BlackTitle "WIM"]
[WhiteElo "1929"]
[BlackElo "2079"]
[WhiteTeam "Shandong"]
[BlackTeam "Chengdu"]
[WhiteFideId "8610282"]
[BlackFideId "8608709"]
[EventDate "2023.06.05"]
[EventType "team"]

1. e4 c5 2. Nf3 e6 3. c3 Nf6 4. e5 Nd5 5. d4 cxd4 6. cxd4 d6 7. Bc4 dxe5 8. dxe5
Be7 9. O-O O-O 10. Qe2 b6 11. Rd1 Bb7 12. Bxd5 exd5 13. Nc3 Qd7 14. Bf4 Rd8 15.
Nd4 Nc6 16. Ncb5 Ba6 17. a4 Nxd4 18. Rxd4 Rac8 19. Qh5 Bxb5 20. axb5 Rc2 21.
Rda4 Ra8 22. Be3 Rxb2 23. Rf4 Qe6 24. h3 Rxb5 25. Rc1 Bc5 26. Rh4 Qg6 27. Qf3
Bxe3 28. Qxe3 Rb1 29. Rg4 Rxc1+ 30. Qxc1 Qe6 31. Qg5 g6 32. Rh4 Re8 33. Qh6 Qxe5
34. Qxh7+ Kf8 35. Qh6+ Qg7 36. Qd2 Kg8 37. g3 Re4 38. Qxd5 Qa1+ 39. Kg2 Rxh4 40.
gxh4 Kg7 41. h5 Qf6 42. hxg6 Qxg6+ 43. Kh2 Qf6 44. Qg2+ Kh6 45. Qg3 a5 46. Qe3+
Kg6 47. Qd3+ Kg7 48. Qg3+ Kh7 49. Qd3+ Kh8 50. Qe2 Qf4+ 51. Kh1 Qd4 52. Qh5+ Kg7
53. Qg5+ Kf8 54. Qh6+ Ke7 55. Qg5+ f6 56. Qg7+ Kd6 57. Qf8+ Kd5 58. Qg8+ Kc5 59.
Qc8+ Kb4 60. Qf8+ Kc3 61. Qa3+ Kc4 62. Qa2+ Kc5 63. Qa3+ Kb5 64. Qb3+ Ka6 65.
Qf3 a4 66. Qa8+ Kb5 67. Qe8+ Ka5 0-1

[Event "TCh-CHN DivA Regular"]
[Site "Fuling CHN"]
[Date "2023.06.07"]
[Round "3.1"]
[Board "1"]
[White "Xu, Xiangyu"]
[Black "Nie, Xinyang"]
[Result "1/2-1/2"]
[WhiteTitle "GM"]
[WhiteElo "2603"]
[BlackElo "2222"]
[WhiteTeam "Chengdu"]
[BlackTeam "Chongqing Jiulongpo"]
[WhiteFideId "8608288"]
[BlackFideId "8607222"]
[EventDate "2023.06.05"]
[EventType "team"]

1. d4 d5 2. Nf3 Nf6 3. c4 c6 4. Qc2 e6 5. g3 Be7 6. Bg2 b6 7. O-O O-O 8. Rd1 Bb7
9. Nbd2 Nbd7 10. e4 Nxe4 11. Nxe4 dxe4 12. Qxe4 Qc8 13. Ne5 Nxe5 14. dxe5 Rb8
15. Qg4 Rd8 16. Bh6 Bf8 17. Bg5 Rxd1+ 18. Rxd1 c5 19. h4 Bxg2 20. Kxg2 Qb7+ 21.
Qf3 h6 22. Bd8 b5 23. b3 bxc4 24. bxc4 Qxf3+ 25. Kxf3 Rb4 26. Rd7 Rxc4 27. Rxa7
Rc3+ 28. Ke4 c4 29. Bb6 Bb4 30. Ra8+ Kh7 31. Ra4 Bf8 32. h5 Rc2 33. Be3 g6 34.
Ra7 Kg7 35. g4 gxh5 36. gxh5 Bb4 37. a4 Be1 38. f4 Ra2 39. f5 exf5+ 40. Kd5 c3
41. e6 Rd2+ 42. Bd4+ Kf8 43. Ra8+ Ke7 44. Ra7+ Kf8 45. Ra8+ Ke7 46. Ra7+ Kf8 1/2-1/2

[Event "TCh-CHN DivA Regular"]
[Site "Fuling CHN"]
[Date "2023.06.07"]
[Round "3.1"]
[Board "2"]
[White "Wan, Yunguo"]
[Black "Li, Di"]
[Result "1/2-1/2"]
[WhiteTitle "GM"]
[BlackTitle "GM"]
[WhiteElo "2504"]
[BlackElo "2575"]
[WhiteTeam "Chongqing Jiulongpo"]
[BlackTeam "Chengdu"]
[WhiteFideId "8603189"]
[BlackFideId "8607508"]
[EventDate "2023.06.05"]
[EventType "team"]

1. e4 g6 2. d4 Bg7 3. c4 d6 4. Nc3 c5 5. d5 Bxc3+ 6. bxc3 e5 7. dxe6 Bxe6 8. Nf3
Nf6 9. Ng5 Nc6 10. Nxe6 fxe6 11. Bd3 e5 12. O-O Nh5 13. g3 Qe7 14. Qg4 O-O 15.
Bh6 Rf7 16. Rae1 Kh8 17. Be2 Nf6 18. Qh4 Re8 19. Rd1 Qe6 20. Rd2 Ne7 21. Rfd1
Rd8 22. Bg5 Neg8 23. Bf1 Kg7 24. Qh3 Qe7 25. f3 h6 26. Be3 Nh7 27. Qg2 Ng5 28.
Bxg5 Qxg5 29. Rxd6 Rxd6 30. Rxd6 Qe3+ 31. Qf2 Qxc3 32. Rd3 Qxc4 33. Qb2 Re7 34.
Rd5 Qb4 35. Qxb4 cxb4 36. Rb5 Nf6 37. Rxb4 g5 38. Bh3 h5 39. Bc8 b6 40. Rb5 Rc7
41. Be6 g4 42. fxg4 Nxg4 43. Bxg4 hxg4 44. Rxe5 Rc1+ 45. Kf2 Rc2+ 46. Ke3 Rxa2
47. Kf4 Rxh2 48. Re7+ Kf6 49. Rxa7 Rh1 50. Rb7 Rb1 51. Rb8 b5 52. Rb6+ Kf7 53.
Kxg4 b4 54. Kf5 Rf1+ 55. Ke5 Rb1 56. Rb7+ Kg6 57. Kd4 b3 58. Kc3 Re1 59. Rxb3
Rxe4 1/2-1/2

[Event "TCh-CHN DivA Regular"]
[Site "Fuling CHN"]
[Date "2023.06.07"]
[Round "3.1"]
[Board "3"]
[White "Zhao, Yuanhe"]
[Black "Peng, Xiongjian"]
[Result "1/2-1/2"]
[WhiteTitle "IM"]
[WhiteElo "2461"]
[BlackElo "2461"]
[WhiteTeam "Chengdu"]
[BlackTeam "Chongqing Jiulongpo"]
[WhiteFideId "8609497"]
[BlackFideId "8610550"]
[EventDate "2023.06.05"]
[EventType "team"]

1. Nf3 c5 2. b3 d6 3. Bb2 Nf6 4. c4 e5 5. Nc3 g6 6. g3 Bg7 7. Bg2 O-O 8. O-O Nc6
9. d3 Be6 10. Ng5 Bd7 11. Nge4 Ne8 12. Nd5 Ne7 13. Nec3 Nxd5 14. Nxd5 Nc7 15. a3
Nxd5 16. Bxd5 Bc6 17. Bxc6 bxc6 18. b4 cxb4 19. axb4 a5 20. bxa5 Rxa5 21. Qb3
Rxa1 22. Rxa1 Qc7 23. Bc3 Rb8 24. Qa3 h5 25. h4 Qd7 26. Kg2 Kh7 27. Bb4 Bf8 28.
f3 Kg8 29. Ra2 Rb7 30. Bc3 f6 31. Qa8 Kf7 32. d4 Qc7 33. Ra6 exd4 34. Bxd4 c5
35. Bc3 Qb8 36. Kf2 Qxa8 37. Rxa8 f5 38. Ke3 Rb1 39. Ra1 Rb8 40. Kd3 Be7 41. Kc2
Ke6 42. Ra7 Rd8 43. Bd2 Rf8 44. Bh6 Rh8 45. Bf4 Rb8 46. Bg5 Bf8 47. Bd2 Rb6 48.
Ba5 Rc6 49. Ra8 Be7 50. e4 fxe4 51. fxe4 Bf6 52. Kb3 Kd7 53. Rg8 Ra6 54. Rxg6
Rxa5 55. Rxf6 Ra1 56. Rf5 Re1 57. Rxh5 Re3+ 58. Kc2 Rxg3 1/2-1/2

[Event "TCh-CHN DivA Regular"]
[Site "Fuling CHN"]
[Date "2023.06.07"]
[Round "3.1"]
[Board "4"]
[White "Sun, Fanghui"]
[Black "Chu, Ruotong"]
[Result "1/2-1/2"]
[WhiteTitle "WIM"]
[BlackTitle "WIM"]
[WhiteElo "2223"]
[BlackElo "2166"]
[WhiteTeam "Chongqing Jiulongpo"]
[BlackTeam "Chengdu"]
[WhiteFideId "8604150"]
[BlackFideId "8605653"]
[EventDate "2023.06.05"]
[EventType "team"]

1. e4 e5 2. Nf3 Nf6 3. Nxe5 d6 4. Nf3 Nxe4 5. Nc3 Nf6 6. d4 Be7 7. Bd3 O-O 8. h3
Re8 9. O-O b6 10. Bf4 Bb7 11. d5 Nbd7 12. Re1 a6 13. a4 Nf8 14. Bc4 Ng6 15. Bh2
Nd7 16. Qd2 Bf6 17. Nd4 Be5 18. f4 Bxd4+ 19. Qxd4 Qf6 20. Qxf6 Nxf6 21. Kf2 Kf8
22. g4 Rxe1 23. Rxe1 Re8 24. Rxe8+ Kxe8 25. g5 Nd7 26. b4 f6 27. Ke3 Ne7 28. Bd3
g6 29. Kd4 Kf7 30. Be4 Ke8 31. h4 Kf7 32. Bg1 Nb8 33. Ne2 Bc8 34. c4 Bd7 35. a5
bxa5 36. bxa5 c5+ 37. Kc3 Bg4 38. Nc1 Nd7 39. Nd3 Bf5 40. Bf3 Bxd3 41. Kxd3 Nf5
42. Bf2 Ng7 43. Bd1 f5 44. Be1 1/2-1/2